000 00932nam a2200217Ia 4500
005 20240530110955.0
008 140319s2008 xx 000 0 ara d
040 _aGCL /
_cGCL
082 0 4 _a657.450285 /
_bا ن
100 1 _aاحمد حسين على حسين
245 1 0 _aنظم المعلومات المحاسبية :
_bالاطار الفكرى والنظم التطبيقية النظام اليدوى - تحليل وتصميم النظم - نظام الحاسب /
_c تاليف احمد حسين على حسين .
260 _aالاسكندرية :
_bالدار الجامعية،
_c2008
300 _a416 ص ؛
_c24 سم
650 0 4 _aالمحاسبة الالية
650 0 4 _aالحاسبات الالكترونية
650 0 4 _aنظم المعلومات
650 0 4 _aاتخاذ القرارات
650 0 4 _aتحليل النظم
942 _2ddc
_cBK
999 _c67074
_d67074